00455pab a2200157 454500008004000000100002000040245006100060260000900121300001300130362001100143650003600154650002700190700002700217700001900244773003400263180718b2015 xxu||||| |||| 00| 0 eng d aBal, Chakradhar aSilver lining in Odisha's organised manufacturing sector c2015 ap.69-79. a11 Apr aOdisha - Manufacturing industry aManufacturing industry aKumar, Subhash Chandra aDas, Amarendra aEconomic and Political Weekly